Применение частотно-регулируемого электропривода для повышения надежности узла загрузки пламенного реактора; Известия Томского политехнического университета [Известия ТПУ]; Т. 315. № 4: Энергетика
| Parent link: | Известия Томского политехнического университета [Известия ТПУ]/ Томский политехнический университет (ТПУ).— , 2000- Т. 315. № 4: Энергетика.— 2009.— [С. 55-60] |
|---|---|
| Autor principal: | |
| Outros Autores: | |
| Resumo: | Заглавие с титульного листа Электронная версия печатной публикации Проведен расчет безотказной работы шнека загрузки пламенного реактора в составе технологического оборудования фторирования урана. На базе частотного преобразователя с повышенной надежностью модернизирован электропривод шнека загрузки. Предложена схема технологического контроля и управления пламенным реактором от АСУ ТП. Предусмотрена возможность дистанционного задания регулируемой частоты вращения электропривода шнека, реверса, вывода числовой и графической информации параметров системы управления на ПЭВМ оператора. |
| Idioma: | russo |
| Publicado em: |
2009
|
| Colecção: | Энергетика |
| Assuntos: | |
| Acesso em linha: | http://www.lib.tpu.ru/fulltext/v/Bulletin_TPU/2009/v315/i4/12.pdf |
| Formato: | Recurso Electrónico Capítulo de Livro |
| KOHA link: | https://koha.lib.tpu.ru/cgi-bin/koha/opac-detail.pl?biblionumber=177087 |
MARC
| LEADER | 00000nla2a2200000 4500 | ||
|---|---|---|---|
| 001 | 177087 | ||
| 005 | 20240209153628.0 | ||
| 035 | |a (RuTPU)RU\TPU\book\191993 | ||
| 035 | |a RU\TPU\book\191990 | ||
| 090 | |a 177087 | ||
| 100 | |a 20100311d2009 k y0rusy50 ca | ||
| 101 | 0 | |a rus | |
| 102 | |a RU | ||
| 135 | |a drnn ---uucaa | ||
| 181 | 0 | |a i | |
| 182 | 0 | |a b | |
| 200 | 1 | |a Применение частотно-регулируемого электропривода для повышения надежности узла загрузки пламенного реактора |f С. В. Бойко, С. Н. Кладиев | |
| 203 | |a Текст |c электронный | ||
| 215 | |a 1 файл (869 Кб) | ||
| 225 | 1 | |a Энергетика | |
| 300 | |a Заглавие с титульного листа | ||
| 300 | |a Электронная версия печатной публикации | ||
| 320 | |a [Библиогр.: с. 60 (3 назв.)] | ||
| 330 | |a Проведен расчет безотказной работы шнека загрузки пламенного реактора в составе технологического оборудования фторирования урана. На базе частотного преобразователя с повышенной надежностью модернизирован электропривод шнека загрузки. Предложена схема технологического контроля и управления пламенным реактором от АСУ ТП. Предусмотрена возможность дистанционного задания регулируемой частоты вращения электропривода шнека, реверса, вывода числовой и графической информации параметров системы управления на ПЭВМ оператора. | ||
| 337 | |a Adobe Reader | ||
| 461 | 1 | |0 (RuTPU)RU\TPU\book\176237 |t Известия Томского политехнического университета [Известия ТПУ] |f Томский политехнический университет (ТПУ) |d 2000- | |
| 463 | 1 | |0 (RuTPU)RU\TPU\book\191878 |t Т. 315. № 4: Энергетика |v [С. 55-60] |d 2009 |p 179 с. | |
| 610 | 1 | |a оксиды урана | |
| 610 | 1 | |a переработка | |
| 610 | 1 | |a уран | |
| 610 | 1 | |a фторирование | |
| 610 | 1 | |a пламенные реакторы | |
| 610 | 1 | |a шнеки | |
| 610 | 1 | |a загрузка | |
| 610 | 1 | |a мотор-редукторы | |
| 610 | 1 | |a частотно-регулируемые электроприводы | |
| 610 | 1 | |a электротехническое оборудование | |
| 610 | 1 | |a надежность | |
| 610 | 1 | |a электронный ресурс | |
| 700 | 1 | |a Бойко |b С. В. | |
| 701 | 1 | |a Кладиев |b С. Н. |c специалист в области электротехники |c доцент Томского политехнического университета, кандидат технических наук |f 1960- |g Сергей Николаевич |3 (RuTPU)RU\TPU\pers\30625 |9 14906 | |
| 801 | 1 | |a RU |b 63413507 |c 20090623 |g PSBO | |
| 801 | 2 | |a RU |b 63413507 |c 20211216 |g PSBO | |
| 856 | 4 | |u http://www.lib.tpu.ru/fulltext/v/Bulletin_TPU/2009/v315/i4/12.pdf | |
| 942 | |c CF | ||